Bekannte Unternehmen - Statistiken

Allgemein
  • Dieses Quiz wurde 176 mal gespielt
  • Das Durchschnittsergebnis liegt bei 27 aus 33
Antwortstatistiken
Hinweis Antwort % Korrekt
Führende Suchmaschine Google
99%
Sportmarke mit den drei Streifen Adidas
97%
Größte Fast-Food-Kette McDonalds
96%
Schwedisches Möbelhaus IKEA
95%
Gummibärchen-Hersteller aus Bonn Haribo
93%
Größter deutscher Automobilkonzern Volkswagen
93%
Österreichischer Energy-Drink Red Bull
92%
Weltweit größter Sportartikel-Hersteller Nike
90%
Musik-Streamingdienst Spotify
90%
Pionier für Elektroautos Tesla
90%
Chinesische App für Kurzvideos TikTok
90%
Bekanntestes Getränk der Welt Coca-Cola
89%
Weltweite Cafe-Kette Starbucks
88%
Ursprünglich gegründet als Online-Buchhandel Amazon
87%
Streaming-Dienst für Serien Netflix
87%
Bekannteste Schweizer Uhrenmarke Rolex
87%
Erfinder des modernen Smartphone Apple
85%
Weltweiter Paket- und Brief-Logistiker DHL
85%
Großer Deutscher Versicherungskonzern Allianz
81%
Südkoreanischer Elektronik-Riese Samsung
81%
Großer Supermarkt in den USA Walmart
80%
Dänischer Bausteinhersteller Lego
79%
Windows-Betriebssystem Microsoft
79%
Facebook, Instagram, WhatsApp Meta
78%
Europäischer Flugzeughersteller Airbus
77%
Deutscher Anbieter für Unternehmenssoftware SAP
76%
Großer deutscher Pharmakonzern Bayer
72%
Amerikanischer Flugzeughersteller Boeing
72%
Grafikkarten-Hersteller NVIDIA
56%
Größter Lebensmittelkonzern der Welt Nestle
55%
Weltweites Zahlungsnetzwerk VISA
52%
Bayrischer Nutzfahrzeughersteller MAN
43%
Chinesischer Hersteller von E-Autos & Batterien BYD
42%
Keine übereinstimmenden Quizze gefunden
Verteilung der Resultate
Anzahl Personen mit jedem Resultat
Perzentil nach korrekt beantworteten Fragen
Ihre Resultats-Entwicklung
Sie haben dieses Quiz noch nicht gespielt